[Event "EUCC 2023 - U12"]
[Site "Kouty nad Desnou"]
[Date "2023.08.17"]
[Round "2.15"]
[White "Novotny, Adam"]
[Black "Ben Ayed, Rayen"]
[Result "1-0"]
[BlackElo "1248"]
[WhiteElo "1117"]
[LiveChessVersion "1.4.8"]

1. e4 {[%clk 1:30:53]} c6 {[%clk 1:30:50]} 2. d4 {[%clk 1:30:33]} d5
{[%clk 1:31:04]} 3. exd5 {[%clk 1:29:40]} cxd5 {[%clk 1:31:26]} 4. Nc3
{[%clk 1:27:58]} Nc6 {[%clk 1:31:23]} 5. Bd3 {[%clk 1:25:22]} Nxd4
{[%clk 1:24:06]} 6. Bxh7 {[%clk 1:17:10]} Rxh7 {[%clk 1:22:04]} 7. Qxd4
{[%clk 1:16:15]} e6 {[%clk 1:20:21]} 8. Nf3 {[%clk 1:14:28]} Ne7 {[%clk 1:11:26]}
9. Be3 {[%clk 1:07:08]} Nf5 {[%clk 1:04:07]} 10. Qd2 {[%clk 1:00:28]} Nxe3
{[%clk 0:56:18]} 11. fxe3 {[%clk 0:57:11]} Bd7 {[%clk 0:47:30]} 12. O-O-O
{[%clk 0:53:15]} Rc8 {[%clk 0:39:59]} 13. e4 {[%clk 0:47:46]} dxe4
{[%clk 0:26:10]} 14. Ng5 {[%clk 0:41:18]} Rh8 {[%clk 0:18:04]} 15. Nxf7
{[%clk 0:37:13]} Kxf7 {[%clk 0:18:21]} 16. Qxd7+ {[%clk 0:37:06]} Qxd7
{[%clk 0:18:38]} 17. Rxd7+ {[%clk 0:37:26]} Kg6 {[%clk 0:18:48]} 18. Nxe4
{[%clk 0:35:45]} Rb8 {[%clk 0:18:25]} 19. h3 {[%clk 0:33:06]} Rh4
{[%clk 0:14:36]} 20. Nc3 {[%clk 0:31:23]} Rf4 {[%clk 0:12:31]} 21. Re1
{[%clk 0:29:31]} Kf6 {[%clk 0:11:51]} 22. Ne4+ {[%clk 0:27:29]} Kg6
{[%clk 0:09:42]} 23. Ng3 {[%clk 0:25:09]} Rf6 {[%clk 0:09:12]} 24. Re3
{[%clk 0:22:00]} Bc5 {[%clk 0:07:32]} 25. Rb3 {[%clk 0:20:46]} Bb6
{[%clk 0:07:10]} 26. Rb4 {[%clk 0:18:38]} Rg8 {[%clk 0:03:26]} 27. Rxb7
{[%clk 0:16:23]} Rf2 {[%clk 0:03:21]} 28. Rg4+ {[%clk 0:14:41]} Kh7
{[%clk 0:03:01]} 29. Re7 {[%clk 0:12:57]} Be3+ {[%clk 0:01:34]} 30. Kb1
{[%clk 0:09:03]} Rd2 {[%clk 0:01:14]} 31. a3 {[%clk 0:08:09]} Rxg2
{[%clk 0:01:04]} 32. Rxe6 {[%clk 0:07:18]} Bh6 {[%clk 0:01:03]} 33. Nf5
{[%clk 0:05:52]} Rxg4 {[%clk 0:00:47]} 34. hxg4 {[%clk 0:06:20]} Bg5
{[%clk 0:00:45]} 35. c4 {[%clk 0:06:30]} Rc8 {[%clk 0:00:57]} 36. b3
{[%clk 0:06:21]} g6 {[%clk 0:00:54]} 37. Nd6 {[%clk 0:06:27]} Rc6
{[%clk 0:01:06]} 38. Ne4 {[%clk 0:06:12]} Rxe6 {[%clk 0:00:47]} 39. Nxg5+
{[%clk 0:06:34]} Kg7 {[%clk 0:01:10]} 40. Nxe6+ {[%clk 0:06:57]} Kf6
{[%clk 0:01:33]} 41. Nf8 {[%clk 0:07:02]} g5 {[%clk 0:01:49]} 42. c5
{[%clk 0:07:16]} Ke5 {[%clk 0:02:08]} 43. Nh7 {[%clk 0:07:23]} Kd5
{[%clk 0:02:32]} 44. b4 {[%clk 0:07:38]} 1-0

[Event "EUCC 2023 - U12"]
[Site "Kouty nad Desnou"]
[Date "2023.08.19"]
[Round "4.1"]
[White "Dodoi, Matei-Teodor"]
[Black "Sensoy, Emir"]
[Result "1-0"]
[BlackElo "1416"]
[WhiteElo "1884"]
[LiveChessVersion "1.4.8"]

1. d4 {[%clk 1:30:56]} d5 {[%clk 1:30:56]} 2. c4 {[%clk 1:31:16]} e6
{[%clk 1:31:21]} 3. Nc3 {[%clk 1:31:32]} c5 {[%clk 1:31:45]} 4. cxd5
{[%clk 1:30:52]} exd5 {[%clk 1:32:10]} 5. Nf3 {[%clk 1:31:08]} Nc6
{[%clk 1:32:30]} 6. g3 {[%clk 1:30:52]} Nf6 {[%clk 1:32:40]} 7. Bg2
{[%clk 1:30:58]} cxd4 {[%clk 1:30:50]} 8. Nxd4 {[%clk 1:31:04]} Bc5
{[%clk 1:31:14]} 9. Nxc6 {[%clk 1:24:01]} bxc6 {[%clk 1:31:28]} 10. O-O
{[%clk 1:23:55]} O-O {[%clk 1:31:31]} 11. Qc2 {[%clk 1:15:43]} Re8
{[%clk 1:29:18]} 12. Nxd5 {[%clk 0:59:48]} cxd5 {[%clk 1:25:44]} 13. Qxc5
{[%clk 1:00:04]} Bf5 {[%clk 1:20:01]} 14. Be3 {[%clk 0:54:06]} Qd7
{[%clk 1:19:10]} 15. Rfd1 {[%clk 0:52:10]} Rec8 {[%clk 1:15:29]} 16. Qd4
{[%clk 0:50:58]} Be6 {[%clk 0:46:33]} 17. Rac1 {[%clk 0:49:50]} Qb5
{[%clk 0:43:41]} 18. Qd2 {[%clk 0:45:40]} h6 {[%clk 0:36:13]} 19. Bd4
{[%clk 0:39:26]} Ne4 {[%clk 0:32:45]} 20. Qd3 {[%clk 0:38:31]} Nd6
{[%clk 0:28:12]} 21. Qxb5 {[%clk 0:36:39]} Nxb5 {[%clk 0:28:40]} 22. Bc5
{[%clk 0:36:59]} Rd8 {[%clk 0:27:23]} 23. b4 {[%clk 0:35:34]} a6 {[%clk 0:25:34]}
24. Rd3 {[%clk 0:29:11]} Rac8 {[%clk 0:24:58]} 25. a4 {[%clk 0:27:49]} Nc7
{[%clk 0:22:18]} 26. Rdc3 {[%clk 0:24:39]} Na8 {[%clk 0:21:06]} 27. e3
{[%clk 0:23:50]} Rd7 {[%clk 0:19:45]} 28. Bf1 {[%clk 0:23:02]} a5
{[%clk 0:15:47]} 29. bxa5 {[%clk 0:22:22]} Rdc7 {[%clk 0:15:03]} 30. Bb5
{[%clk 0:22:16]} Bd7 {[%clk 0:12:34]} 31. Bd4 {[%clk 0:21:08]} Rxc3
{[%clk 0:12:42]} 32. Rxc3 {[%clk 0:21:34]} Rxc3 {[%clk 0:12:20]} 33. Bxc3
{[%clk 0:22:00]} Bc8 {[%clk 0:12:37]} 34. Be5 {[%clk 0:21:49]} Bb7
{[%clk 0:11:04]} 35. a6 {[%clk 0:21:57]} Bc8 {[%clk 0:11:27]} 36. Bc6
{[%clk 0:22:07]} f6 {[%clk 0:10:08]} 37. a7 {[%clk 0:21:54]} fxe5
{[%clk 0:07:01]} 38. Bxa8 {[%clk 0:22:17]} 1-0

[Event "EUCC 2023 - U12"]
[Site "Kouty nad Desnou"]
[Date "2023.08.19"]
[Round "4.2"]
[White "Constantinoiu, Alexandru Ioan"]
[Black "Komarek, Tobias"]
[Result "1-0"]
[BlackElo "1633"]
[WhiteElo "1687"]
[LiveChessVersion "1.4.8"]

1. e4 {[%clk 1:30:53]} c5 {[%clk 1:30:51]} 2. Nf3 {[%clk 1:31:10]} Nc6
{[%clk 1:31:12]} 3. d4 {[%clk 1:31:32]} cxd4 {[%clk 1:31:23]} 4. Nxd4
{[%clk 1:31:54]} g6 {[%clk 1:31:17]} 5. Nc3 {[%clk 1:32:09]} Bg7 {[%clk 1:30:54]}
6. Be3 {[%clk 1:32:29]} Nf6 {[%clk 1:30:57]} 7. Nxc6 {[%clk 1:32:42]} bxc6
{[%clk 1:28:34]} 8. e5 {[%clk 1:32:59]} Ng8 {[%clk 1:26:09]} 9. Bd4
{[%clk 1:32:41]} f6 {[%clk 1:11:25]} 10. f4 {[%clk 1:32:34]} Qa5 {[%clk 1:08:27]}
11. Qd2 {[%clk 1:31:42]} fxe5 {[%clk 1:05:19]} 12. fxe5 {[%clk 1:32:00]} c5
{[%clk 0:58:30]} 13. Bf2 {[%clk 1:31:50]} Bxe5 {[%clk 0:49:02]} 14. Bc4
{[%clk 1:32:07]} Bb7 {[%clk 0:46:00]} 15. O-O {[%clk 1:10:31]} Nf6
{[%clk 0:31:27]} 16. Rae1 {[%clk 0:59:25]} Bxc3 {[%clk 0:17:32]} 17. bxc3
{[%clk 0:59:05]} d5 {[%clk 0:16:31]} 18. Qf4 {[%clk 0:43:24]} Ne4
{[%clk 0:07:06]} 19. Rxe4 {[%clk 0:37:45]} dxe4 {[%clk 0:07:19]} 20. Qf7+
{[%clk 0:37:48]} Kd7 {[%clk 0:07:11]} 21. Rd1+ {[%clk 0:37:49]} Kc7
{[%clk 0:07:05]} 22. Qxe7+ {[%clk 0:37:49]} Kb6 {[%clk 0:06:50]} 23. Rb1+
{[%clk 0:38:12]} 1-0

[Event "EUCC 2023 - U12"]
[Site "Kouty nad Desnou"]
[Date "2023.08.19"]
[Round "4.3"]
[White "Tureshbayev, Anuar"]
[Black "Nieminen, Oliver"]
[Result "1-0"]
[BlackElo "1574"]
[WhiteElo "1826"]
[LiveChessVersion "1.4.8"]

1. e4 {[%clk 1:30:58]} e5 {[%clk 1:30:53]} 2. Nc3 {[%clk 1:31:24]} Nc6
{[%clk 1:31:12]} 3. Bc4 {[%clk 1:31:47]} Bc5 {[%clk 1:31:28]} 4. Qg4
{[%clk 1:32:11]} g6 {[%clk 1:29:13]} 5. Qd1 {[%clk 1:32:35]} d6 {[%clk 1:28:09]}
6. d3 {[%clk 1:32:47]} Be6 {[%clk 1:26:14]} 7. Bb3 {[%clk 1:31:37]} Qd7
{[%clk 1:25:40]} 8. Nf3 {[%clk 1:31:02]} Bxb3 {[%clk 1:24:39]} 9. axb3
{[%clk 1:31:23]} O-O-O {[%clk 1:24:52]} 10. Be3 {[%clk 1:30:58]} Bxe3
{[%clk 1:24:08]} 11. fxe3 {[%clk 1:31:21]} f5 {[%clk 1:18:11]} 12. b4
{[%clk 1:30:11]} Kb8 {[%clk 1:17:45]} 13. b5 {[%clk 1:29:23]} Nce7
{[%clk 1:18:04]} 14. Qd2 {[%clk 1:25:17]} Nf6 {[%clk 1:16:10]} 15. O-O
{[%clk 1:23:17]} Rhf8 {[%clk 1:05:52]} 16. Ra3 {[%clk 1:18:22]} fxe4
{[%clk 1:02:46]} 17. dxe4 {[%clk 1:18:38]} Qg4 {[%clk 0:55:26]} 18. Ra4
{[%clk 1:14:51]} Nd7 {[%clk 0:47:12]} 19. Ra3 {[%clk 1:10:40]} Nb6
{[%clk 0:41:05]} 20. Nd5 {[%clk 1:06:13]} Nexd5 {[%clk 0:34:19]} 21. exd5
{[%clk 1:06:35]} Nc4 {[%clk 0:34:27]} 22. Qb4 {[%clk 1:04:51]} Nxe3
{[%clk 0:30:32]} 23. Qxg4 {[%clk 1:04:57]} Nxg4 {[%clk 0:30:55]} 24. Rfa1
{[%clk 1:05:21]} a6 {[%clk 0:29:39]} 25. bxa6 {[%clk 1:05:38]} bxa6
{[%clk 0:30:04]} 26. Rxa6 {[%clk 1:05:49]} h6 {[%clk 0:26:53]} 27. Nh4
{[%clk 1:04:18]} g5 {[%clk 0:26:21]} 28. Ng6 {[%clk 1:04:33]} Rfe8
{[%clk 0:25:15]} 29. Ne7 {[%clk 1:04:52]} Kb7 {[%clk 0:25:00]} 30. Ra7+
{[%clk 1:04:55]} Kb6 {[%clk 0:25:07]} 31. Nc6 {[%clk 1:04:51]} Rc8
{[%clk 0:24:35]} 32. R1a4 {[%clk 1:04:48]} Kc5 {[%clk 0:21:58]} 33. R7a5+ 1-0

[Event "EUCC 2023 - U12"]
[Site "Kouty nad Desnou"]
[Date "2023.08.19"]
[Round "4.4"]
[White "Alcantara, Eliyakim"]
[Black "Ochedzan, Filip"]
[Result "0-1"]
[BlackElo "1711"]
[WhiteElo "1534"]
[LiveChessVersion "1.4.8"]

1. d4 {[%clk 1:30:56]} d5 {[%clk 1:30:50]} 2. Bf4 {[%clk 1:31:21]} c5
{[%clk 1:31:13]} 3. e3 {[%clk 1:31:39]} Nc6 {[%clk 1:31:15]} 4. Nf3
{[%clk 1:31:45]} Nf6 {[%clk 1:31:01]} 5. h3 {[%clk 1:28:01]} Bf5 {[%clk 1:28:27]}
6. Bd3 {[%clk 1:23:41]} Bxd3 {[%clk 1:23:28]} 7. cxd3 {[%clk 1:23:08]} cxd4
{[%clk 1:20:19]} 8. Nxd4 {[%clk 1:22:31]} Nxd4 {[%clk 1:18:55]} 9. exd4
{[%clk 1:21:39]} e6 {[%clk 1:16:19]} 10. Nc3 {[%clk 1:20:37]} a6 {[%clk 1:13:25]}
11. Qb3 {[%clk 1:18:38]} b5 {[%clk 1:10:48]} 12. O-O {[%clk 1:17:08]} Bd6
{[%clk 1:02:32]} 13. Be5 {[%clk 1:16:24]} O-O {[%clk 1:02:29]} 14. Rac1
{[%clk 1:15:50]} Qe7 {[%clk 0:59:45]} 15. Ne2 {[%clk 1:14:20]} Rfc8
{[%clk 0:58:13]} 16. Rc2 {[%clk 1:11:10]} Ne8 {[%clk 0:53:25]} 17. Rfc1
{[%clk 1:11:21]} Qd7 {[%clk 0:53:16]} 18. Kf1 {[%clk 1:04:56]} f6
{[%clk 0:51:46]} 19. Bf4 {[%clk 1:02:47]} Kf8 {[%clk 0:42:44]} 20. Bxd6+
{[%clk 1:01:17]} Nxd6 {[%clk 0:43:08]} 21. Ke1 {[%clk 0:58:11]} Rxc2
{[%clk 0:42:45]} 22. Rxc2 {[%clk 0:57:31]} Kf7 {[%clk 0:39:16]} 23. Rc5
{[%clk 0:53:01]} Nb7 {[%clk 0:39:10]} 24. Rc3 {[%clk 0:53:19]} Rc8
{[%clk 0:38:29]} 25. Kd2 {[%clk 0:51:55]} Rxc3 {[%clk 0:36:35]} 26. Nxc3
{[%clk 0:49:16]} Qd6 {[%clk 0:33:48]} 27. a4 {[%clk 0:45:40]} b4 {[%clk 0:33:27]}
28. Ne2 {[%clk 0:45:46]} Ke7 {[%clk 0:32:09]} 29. Qc2 {[%clk 0:41:31]} Kd7
{[%clk 0:31:57]} 30. a5 {[%clk 0:40:44]} Qc6 {[%clk 0:28:02]} 31. Qxc6+
{[%clk 0:40:54]} Kxc6 {[%clk 0:28:31]} 32. Nf4 {[%clk 0:41:04]} Kd7
{[%clk 0:23:34]} 33. Nh5 {[%clk 0:41:05]} Nxa5 {[%clk 0:23:43]} 34. Nxg7
{[%clk 0:41:05]} Nb3+ {[%clk 0:23:44]} 35. Ke3 {[%clk 0:40:55]} a5
{[%clk 0:23:40]} 36. Ke2 {[%clk 0:37:15]} a4 {[%clk 0:22:22]} 0-1

[Event "EUCC 2023 - U12"]
[Site "Kouty nad Desnou"]
[Date "2023.08.19"]
[Round "4.5"]
[White "Novotny, Adam"]
[Black "Rudlof, Adam"]
[Result "0-1"]
[BlackElo "1641"]
[WhiteElo "1117"]
[LiveChessVersion "1.4.8"]

1. e4 {[%clk 1:30:53]} c5 {[%clk 1:30:54]} 2. Nf3 {[%clk 1:31:07]} Nc6
{[%clk 1:31:15]} 3. d4 {[%clk 1:30:59]} cxd4 {[%clk 1:31:35]} 4. Nxd4
{[%clk 1:30:37]} g6 {[%clk 1:31:53]} 5. Nc3 {[%clk 1:29:35]} Bg7 {[%clk 1:31:49]}
6. Be3 {[%clk 1:28:46]} Nf6 {[%clk 1:32:08]} 7. Bc4 {[%clk 1:27:41]} O-O
{[%clk 1:32:02]} 8. Bb3 {[%clk 1:27:01]} d6 {[%clk 1:32:17]} 9. f3
{[%clk 1:26:00]} Bd7 {[%clk 1:32:40]} 10. Qd2 {[%clk 1:24:49]} Rc8
{[%clk 1:33:03]} 11. O-O-O {[%clk 1:22:58]} Ne5 {[%clk 1:33:27]} 12. h4
{[%clk 1:20:55]} h5 {[%clk 1:33:53]} 13. g4 {[%clk 1:18:34]} hxg4
{[%clk 1:34:16]} 14. h5 {[%clk 1:15:15]} Nxh5 {[%clk 1:34:35]} 15. Bh6
{[%clk 1:12:59]} Kh7 {[%clk 1:29:27]} 16. Bxg7 {[%clk 1:07:50]} Kxg7
{[%clk 1:29:50]} 17. Rdg1 {[%clk 1:01:07]} Rh8 {[%clk 1:25:47]} 18. f4
{[%clk 0:56:18]} Nc4 {[%clk 1:24:17]} 19. Bxc4 {[%clk 0:53:41]} Rxc4
{[%clk 1:24:38]} 20. f5 {[%clk 0:51:13]} Qb6 {[%clk 0:42:15]} 21. Nde2
{[%clk 0:41:50]} g3 {[%clk 0:26:49]} 22. Qg5 {[%clk 0:31:58]} Qf2
{[%clk 0:11:16]} 23. fxg6 {[%clk 0:26:57]} Rc5 {[%clk 0:04:03]} 24. Qxe7
{[%clk 0:22:36]} g2 {[%clk 0:03:51]} 25. Rh2 {[%clk 0:19:38]} Qf1+
{[%clk 0:01:39]} 26. Kd2 {[%clk 0:14:51]} Rxc3 {[%clk 0:01:20]} 27. bxc3
{[%clk 0:13:57]} Ng3 {[%clk 0:01:05]} 28. Nxg3 {[%clk 0:10:09]} Qf4+
{[%clk 0:01:23]} 29. Ke1 {[%clk 0:08:43]} Qxg3+ {[%clk 0:01:47]} 30. Ke2
{[%clk 0:06:37]} Bg4+ {[%clk 0:02:13]} 31. Kd2 {[%clk 0:06:28]} Qf2+
{[%clk 0:02:36]} 32. Kc1 {[%clk 0:05:57]} Qxg1+ {[%clk 0:03:02]} 33. Kb2
{[%clk 0:05:15]} Qb6+ {[%clk 0:01:09]} 34. Kc1 {[%clk 0:05:21]} g1=Q+ 0-1

[Event "EUCC 2023 - U12"]
[Site "Kouty nad Desnou"]
[Date "2023.08.19"]
[Round "4.6"]
[White "Vancakova, Veronika"]
[Black "Boryna, Szymon"]
[Result "1/2-1/2"]
[BlackElo "1428"]
[WhiteElo "1576"]
[LiveChessVersion "1.4.8"]

1. d4 {[%clk 1:30:59]} d5 {[%clk 1:30:55]} 2. c4 {[%clk 1:31:26]} e6
{[%clk 1:31:22]} 3. Nc3 {[%clk 1:31:50]} Nf6 {[%clk 1:31:48]} 4. cxd5
{[%clk 1:32:12]} exd5 {[%clk 1:32:14]} 5. Bg5 {[%clk 1:32:35]} Be7
{[%clk 1:32:38]} 6. e3 {[%clk 1:32:41]} O-O {[%clk 1:32:58]} 7. Bd3
{[%clk 1:33:00]} h6 {[%clk 1:33:20]} 8. Bh4 {[%clk 1:32:55]} Be6 {[%clk 1:32:37]}
9. Nf3 {[%clk 1:33:06]} Nbd7 {[%clk 1:32:58]} 10. O-O {[%clk 1:32:37]} c6
{[%clk 1:33:07]} 11. Qc2 {[%clk 1:31:56]} Rc8 {[%clk 1:31:47]} 12. Rab1
{[%clk 1:29:52]} a5 {[%clk 1:24:50]} 13. a3 {[%clk 1:29:36]} b5 {[%clk 1:21:24]}
14. Nd2 {[%clk 1:22:12]} Nb6 {[%clk 1:08:44]} 15. f4 {[%clk 1:18:31]} Ng4
{[%clk 1:08:03]} 16. Bxe7 {[%clk 1:16:58]} Qxe7 {[%clk 1:08:28]} 17. Rbe1
{[%clk 1:16:02]} f5 {[%clk 1:06:31]} 18. Nf3 {[%clk 1:13:25]} Nc4
{[%clk 1:02:31]} 19. Bxc4 {[%clk 1:09:42]} bxc4 {[%clk 1:02:47]} 20. Na4
{[%clk 0:58:30]} Nf6 {[%clk 1:00:07]} 21. Nc5 {[%clk 0:56:46]} Ne4
{[%clk 0:58:02]} 22. Nxe4 {[%clk 0:55:47]} fxe4 {[%clk 0:57:45]} 23. Ne5
{[%clk 0:54:58]} Qc7 {[%clk 0:53:55]} 24. b3 {[%clk 0:40:47]} cxb3
{[%clk 0:46:47]} 25. Qxb3 {[%clk 0:41:08]} c5 {[%clk 0:47:07]} 26. dxc5
{[%clk 0:36:36]} Qxc5 {[%clk 0:47:28]} 27. Rc1 {[%clk 0:35:36]} Qd6
{[%clk 0:44:38]} 28. Qb2 {[%clk 0:26:13]} Rc5 {[%clk 0:33:40]} 29. Rc3
{[%clk 0:08:04]} Rb8 {[%clk 0:23:21]} 30. Qd2 {[%clk 0:06:09]} Rxc3
{[%clk 0:19:36]} 31. Qxc3 {[%clk 0:06:33]} Qb6 {[%clk 0:19:27]} 32. f5
{[%clk 0:06:14]} Rc8 {[%clk 0:19:25]} 33. Qd2 {[%clk 0:06:08]} Bf7
{[%clk 0:18:20]} 34. Nxf7 {[%clk 0:06:30]} Kxf7 {[%clk 0:18:42]} 35. Qxd5+
{[%clk 0:06:54]} Kf8 {[%clk 0:19:08]} 36. Qxe4 {[%clk 0:06:54]} Re8
{[%clk 0:19:33]} 37. Qd4 {[%clk 0:03:30]} Qxd4 {[%clk 0:12:18]} 38. exd4
{[%clk 0:03:52]} Re4 {[%clk 0:12:47]} 39. Rf3 {[%clk 0:01:11]} Rxd4
{[%clk 0:13:11]} 40. Kf2 {[%clk 0:01:21]} Kf7 {[%clk 0:13:01]} 41. Kg3
{[%clk 0:01:26]} Ra4 {[%clk 0:12:48]} 42. Kf2 {[%clk 0:00:59]} Kf6
{[%clk 0:13:13]} 43. h3 {[%clk 0:00:49]} h5 {[%clk 0:13:09]} 44. g3
{[%clk 0:00:44]} Ke5 {[%clk 0:11:23]} 45. Ke2 {[%clk 0:01:04]} Rd4
{[%clk 0:08:49]} 46. Ke3 {[%clk 0:01:11]} Re4+ {[%clk 0:06:15]} 47. Kd3
{[%clk 0:01:10]} Rd4+ {[%clk 0:06:39]} 48. Kc3 {[%clk 0:01:26]} Re4
{[%clk 0:07:02]} 49. Kd3 {[%clk 0:01:30]} Rd4+ {[%clk 0:07:22]} 50. Ke2
{[%clk 0:00:46]} Ra4 {[%clk 0:07:38]} 51. Kf2 {[%clk 0:00:53]} Re4
{[%clk 0:07:58]} 52. Kf1 {[%clk 0:00:45]} Ra4 {[%clk 0:08:03]} 53. Kg2
{[%clk 0:00:56]} Rd4 {[%clk 0:08:24]} 54. Kf2 {[%clk 0:01:22]} Re4
{[%clk 0:08:52]} 55. Kf1 {[%clk 0:00:43]} Ra4 {[%clk 0:09:07]} 56. Kg2
{[%clk 0:00:47]} Rd4 {[%clk 0:09:32]} 57. Rb3 {[%clk 0:00:51]} Rd5
{[%clk 0:07:38]} 58. g4 {[%clk 0:00:38]} hxg4 {[%clk 0:07:53]} 59. hxg4
{[%clk 0:00:51]} Kf4 {[%clk 0:08:17]} 60. Kh3 {[%clk 0:00:46]} Rd8
{[%clk 0:08:30]} 61. Rg3 {[%clk 0:00:36]} Rc8 {[%clk 0:07:49]} 62. Kg2
{[%clk 0:00:38]} Rc2+ {[%clk 0:08:14]} 63. Kh3 {[%clk 0:01:04]} Rc8
{[%clk 0:08:41]} 64. Kg2 {[%clk 0:00:38]} Rc2+ {[%clk 0:09:07]} 65. Kh3
{[%clk 0:01:06]} Rc8 {[%clk 0:09:32]} 66. Kg2 {[%clk 0:00:42]} Rc2+
{[%clk 0:09:54]} 67. Kh3 {[%clk 0:01:04]} 1/2-1/2

[Event "EUCC 2023 - U12"]
[Site "Kouty nad Desnou"]
[Date "2023.08.19"]
[Round "4.7"]
[White "Muller-Moingt, Bastien"]
[Black "Jakubse, Tamae Severina"]
[Result "1/2-1/2"]
[BlackElo "1301"]
[WhiteElo "1858"]
[LiveChessVersion "1.4.8"]

1. e4 {[%clk 1:30:59]} e5 {[%clk 1:30:59]} 2. Nf3 {[%clk 1:31:24]} Nc6
{[%clk 1:31:23]} 3. Bb5 {[%clk 1:31:51]} f5 {[%clk 1:31:45]} 4. d3
{[%clk 1:32:12]} fxe4 {[%clk 1:32:10]} 5. dxe4 {[%clk 1:32:36]} Nf6
{[%clk 1:32:26]} 6. O-O {[%clk 1:32:11]} d6 {[%clk 1:32:48]} 7. Bc4
{[%clk 1:29:03]} Bg4 {[%clk 1:28:42]} 8. h3 {[%clk 1:25:43]} Bh5 {[%clk 1:27:48]}
9. Nc3 {[%clk 1:23:09]} Qd7 {[%clk 1:24:05]} 10. Be2 {[%clk 1:14:28]} Bg6
{[%clk 1:14:03]} 11. Bd3 {[%clk 1:07:47]} O-O-O {[%clk 1:11:58]} 12. Be3
{[%clk 1:05:59]} h6 {[%clk 1:08:01]} 13. a4 {[%clk 0:54:55]} Bh5 {[%clk 0:59:35]}
14. Nd5 {[%clk 0:49:16]} a6 {[%clk 0:53:20]} 15. c3 {[%clk 0:44:16]} Nxd5
{[%clk 0:44:53]} 16. exd5 {[%clk 0:44:45]} Ne7 {[%clk 0:43:43]} 17. Be2
{[%clk 0:37:58]} e4 {[%clk 0:34:23]} 18. Nd4 {[%clk 0:37:41]} Bxe2
{[%clk 0:34:35]} 19. Nxe2 {[%clk 0:38:10]} g5 {[%clk 0:34:00]} 20. Ng3
{[%clk 0:37:18]} Bg7 {[%clk 0:32:44]} 21. Bd4 {[%clk 0:31:35]} Be5
{[%clk 0:27:09]} 22. Bxe5 {[%clk 0:30:52]} dxe5 {[%clk 0:27:26]} 23. c4
{[%clk 0:31:21]} c6 {[%clk 0:26:10]} 24. dxc6 {[%clk 0:23:48]} Qxc6
{[%clk 0:25:27]} 25. Qg4+ {[%clk 0:23:33]} Kb8 {[%clk 0:25:03]} 26. b3
{[%clk 0:22:44]} Rd3 {[%clk 0:22:58]} 27. Rab1 {[%clk 0:22:03]} e3
{[%clk 0:19:59]} 28. Qe2 {[%clk 0:16:06]} Rhd8 {[%clk 0:15:46]} 29. Kh2
{[%clk 0:11:41]} Qb6 {[%clk 0:13:05]} 30. b4 {[%clk 0:09:13]} Qd4
{[%clk 0:12:24]} 31. b5 {[%clk 0:08:08]} axb5 {[%clk 0:10:07]} 32. axb5
{[%clk 0:07:36]} exf2 {[%clk 0:10:07]} 33. Qxf2 {[%clk 0:07:12]} Qxf2
{[%clk 0:09:58]} 34. Rxf2 {[%clk 0:07:41]} Rc3 {[%clk 0:08:05]} 35. Rf6
{[%clk 0:03:42]} Rxc4 {[%clk 0:05:45]} 36. Re6 {[%clk 0:04:07]} Nd5
{[%clk 0:05:13]} 37. Rxe5 {[%clk 0:04:30]} Nf4 {[%clk 0:05:21]} 38. Ne2
{[%clk 0:04:30]} Nxe2 {[%clk 0:05:19]} 39. Rxe2 {[%clk 0:05:00]} Rcd4
{[%clk 0:05:14]} 40. Re6 {[%clk 0:04:46]} R4d6 {[%clk 0:05:31]} 41. Rbe1
{[%clk 0:04:43]} Kc7 {[%clk 0:05:32]} 42. R6e5 {[%clk 0:02:30]} Kb6
{[%clk 0:04:52]} 43. Rb1 {[%clk 0:02:39]} 1/2-1/2

[Event "EUCC 2023 - U12"]
[Site "Kouty nad Desnou"]
[Date "2023.08.19"]
[Round "4.9"]
[White "Prochazka, Michal"]
[Black "Janouskova, Eliska"]
[Result "1/2-1/2"]
[BlackElo "1398"]
[WhiteElo "1391"]
[LiveChessVersion "1.4.8"]

1. e4 {[%clk 1:30:57]} Nf6 {[%clk 1:30:44]} 2. e5 {[%clk 1:29:13]} Nd5
{[%clk 1:30:46]} 3. c4 {[%clk 1:28:26]} Nb6 {[%clk 1:30:50]} 4. d4
{[%clk 1:28:30]} d6 {[%clk 1:29:56]} 5. exd6 {[%clk 1:25:24]} cxd6
{[%clk 1:30:07]} 6. Nf3 {[%clk 1:24:59]} Bg4 {[%clk 1:29:53]} 7. Nc3
{[%clk 1:22:09]} Nc6 {[%clk 1:27:55]} 8. Be3 {[%clk 1:22:03]} g6 {[%clk 1:23:39]}
9. h3 {[%clk 1:21:05]} Bxf3 {[%clk 1:22:42]} 10. gxf3 {[%clk 1:16:08]} Bg7
{[%clk 1:19:39]} 11. Qd2 {[%clk 1:15:33]} e6 {[%clk 1:14:22]} 12. O-O-O
{[%clk 1:10:50]} Qe7 {[%clk 1:08:16]} 13. Kb1 {[%clk 1:06:42]} O-O-O
{[%clk 1:01:19]} 14. Be2 {[%clk 1:03:02]} Kb8 {[%clk 0:58:46]} 15. Qc2
{[%clk 0:57:54]} Rc8 {[%clk 0:52:30]} 16. Nb5 {[%clk 0:49:49]} Na5
{[%clk 0:44:00]} 17. c5 {[%clk 0:34:32]} dxc5 {[%clk 0:29:51]} 18. dxc5
{[%clk 0:33:09]} Nd5 {[%clk 0:29:17]} 19. Qa4 {[%clk 0:18:36]} Nc6
{[%clk 0:22:51]} 20. Nd6 {[%clk 0:16:12]} Rc7 {[%clk 0:20:21]} 21. Qa3
{[%clk 0:12:42]} Nxe3 {[%clk 0:17:33]} 22. fxe3 {[%clk 0:13:02]} Rd8
{[%clk 0:15:42]} 23. Rd2 {[%clk 0:11:57]} Qg5 {[%clk 0:13:12]} 24. f4
{[%clk 0:02:59]} 1/2-1/2

[Event "EUCC 2023 - U12"]
[Site "Kouty nad Desnou"]
[Date "2023.08.19"]
[Round "4.10"]
[White "Polackova, Eva"]
[Black "Pop, Maria Olivia"]
[Result "1-0"]
[BlackElo "1147"]
[WhiteElo "1240"]
[LiveChessVersion "1.4.8"]

1. e4 {[%clk 1:30:58]} e5 {[%clk 1:30:47]} 2. Nf3 {[%clk 1:31:13]} Nf6
{[%clk 1:31:09]} 3. Nxe5 {[%clk 1:30:54]} d6 {[%clk 1:31:19]} 4. Nf3
{[%clk 1:30:40]} Nxe4 {[%clk 1:31:32]} 5. Nc3 {[%clk 1:29:19]} Nxc3
{[%clk 1:26:50]} 6. dxc3 {[%clk 1:27:32]} Be7 {[%clk 1:25:20]} 7. Be3
{[%clk 1:25:07]} Bg4 {[%clk 1:25:10]} 8. Be2 {[%clk 1:20:57]} a6 {[%clk 1:20:49]}
9. Qd2 {[%clk 1:18:27]} Nc6 {[%clk 1:19:37]} 10. O-O-O {[%clk 1:15:17]} b5
{[%clk 1:19:00]} 11. h3 {[%clk 1:14:31]} Bf5 {[%clk 1:18:37]} 12. Bg5
{[%clk 1:11:46]} Ne5 {[%clk 1:10:12]} 13. Bxe7 {[%clk 1:09:31]} Qxe7
{[%clk 1:10:17]} 14. Nxe5 {[%clk 1:08:37]} dxe5 {[%clk 1:09:14]} 15. Kb1
{[%clk 1:06:14]} Rd8 {[%clk 1:07:20]} 16. Qe3 {[%clk 1:02:57]} O-O
{[%clk 1:02:39]} 17. g4 {[%clk 1:00:59]} Rxd1+ {[%clk 1:03:00]} 18. Rxd1
{[%clk 1:01:12]} Bg6 {[%clk 1:03:23]} 19. f4 {[%clk 0:59:58]} f6 {[%clk 1:02:45]}
20. h4 {[%clk 0:56:21]} Re8 {[%clk 1:02:37]} 21. f5 {[%clk 0:54:24]} Bf7
{[%clk 1:02:51]} 22. Rg1 {[%clk 0:51:13]} Rb8 {[%clk 1:02:38]} 23. g5
{[%clk 0:50:44]} fxg5 {[%clk 1:02:14]} 24. hxg5 {[%clk 0:50:33]} b4
{[%clk 1:01:01]} 25. cxb4 {[%clk 0:43:36]} Qxb4 {[%clk 1:00:41]} 26. b3
{[%clk 0:40:29]} a5 {[%clk 1:00:19]} 27. g6 {[%clk 0:39:27]} Be8 {[%clk 0:59:55]}
28. gxh7+ {[%clk 0:39:27]} Kxh7 {[%clk 0:59:06]} 29. Qh3+ {[%clk 0:39:29]} Kg8
{[%clk 0:59:16]} 30. Qg3 {[%clk 0:38:33]} Qe7 {[%clk 0:59:22]} 31. Bc4+
{[%clk 0:38:20]} Kf8 {[%clk 0:59:22]} 32. f6 {[%clk 0:38:04]} Qxf6
{[%clk 0:59:14]} 33. Rf1 {[%clk 0:38:25]} Qxf1+ {[%clk 0:59:05]} 34. Bxf1
{[%clk 0:38:43]} a4 {[%clk 0:59:30]} 35. Qxe5 {[%clk 0:38:27]} 1-0